[Event "2017 Oceania Zone 3.6 Zonal Womens Cham"]
[Site "Auckland NZL"]
[Date "2017.01.15"]
[Round "3.3"]
[White "Yao, Licia"]
[Black "Hardegen, Kathryn"]
[Result "1/2-1/2"]
[WhiteElo "1687"]
[BlackElo "1797"]
[PlyCount "55"]
[EventDate "2017.01.14"]

1. d4 d5 2. c4 c6 3. Nf3 Nf6 4. e3 a6 5. b3 Bg4 6. Be2 e6 7. O-O Nbd7 8. Bb2
Bd6 9. Nbd2 O-O 10. Qc2 Ne4 11. Nxe4 dxe4 12. Qxe4 Bf5 13. Qh4 f6 14. g4 Bg6
15. Nd2 Qa5 16. Nf3 Rae8 17. c5 Bb8 18. a3 e5 19. b4 Qd8 20. Bc4+ Bf7 21. Bxf7+
Rxf7 22. dxe5 Nxe5 23. Nxe5 Bxe5 24. Rad1 Rd7 25. Rxd7 Qxd7 26. Bxe5 Rxe5 27.
Qg3 Qd2 28. Qf3 1/2-1/2

[Event "2017 Oceania Zone 3.6 Zonal Womens Cham"]
[Site "Auckland NZL"]
[Date "2017.01.15"]
[Round "3.4"]
[White "Qin, Joy Shu Yan"]
[Black "Chew Lee, Alanna"]
[Result "1/2-1/2"]
[WhiteElo "1708"]
[BlackElo "1597"]
[PlyCount "70"]
[EventDate "2017.01.14"]

1. e4 e5 2. Nf3 Nc6 3. Bb5 a6 4. Ba4 Nf6 5. d3 d6 6. c3 Be7 7. O-O O-O 8. Re1
Bg4 9. h3 Bh5 10. Nbd2 h6 11. Nf1 b5 12. Bb3 Na5 13. Bc2 Re8 14. Ng3 Bg6 15.
Nh4 Bh7 16. Nhf5 Bxf5 17. Nxf5 Bf8 18. Qf3 Kh7 19. b4 Nb7 20. Bb3 Kg8 21. Qg3
g5 22. Bxg5 Nh5 23. Bxd8+ Nxg3 24. Bxc7 Nxf5 25. exf5 Rac8 26. Bb6 Rxc3 27. d4
Rc6 28. Ba5 Nxa5 29. bxa5 Bg7 30. Re3 Kf8 31. Rae1 Rcc8 32. dxe5 Rxe5 33. Rxe5
dxe5 34. Rd1 Ke7 35. g4 Bf8 1/2-1/2

[Event "2017 Oceania Zone 3.6 Zonal Womens Cham"]
[Site "Auckland NZL"]
[Date "2017.01.15"]
[Round "3.5"]
[White "Lane, Nancy L"]
[Black "Shen, Fiona"]
[Result "1-0"]
[WhiteElo "1902"]
[BlackElo "1658"]
[PlyCount "81"]
[EventDate "2017.01.14"]

1. d4 Nf6 2. Nf3 d5 3. e3 Bf5 4. Bd3 Bg6 5. Ne5 e6 6. Nxg6 hxg6 7. Nd2 Bd6 8.
Nf3 c6 9. Ne5 Nbd7 10. f4 Nh5 11. O-O Nxe5 12. fxe5 Bc7 13. Qf3 f5 14. exf6 Qd6
15. Bxg6+ Kd7 16. Bxh5 Qxh2+ 17. Kf2 Rxh5 18. Ke2 Rf8 19. Qg4 g5 20. Bd2 Bg3
21. Kd3 Rhh8 22. Bb4 Rf7 23. Rf3 Bb8 24. Raf1 Qc7 25. Qxg5 Qb6 26. Ba3 Qa6+ 27.
Kd2 b6 28. Qg6 Rhf8 29. Bxf8 Rxf8 30. Qg7+ Kc8 31. Qxf8+ Kb7 32. Qe7+ Ka8 33.
Qxe6 Qa5+ 34. Kc1 Kb7 35. a3 b5 36. Qe7+ Ka8 37. f7 Qb6 38. f8=Q a5 39. Qxb8+
Qxb8 40. Rf8 a4 41. Rxb8+ 1-0

[Event "2017 Oceania Zone 3.6 Zonal Womens Cham"]
[Site "Auckland NZL"]
[Date "2017.01.15"]
[Round "3.6"]
[White "Punsalan, Vyanla M"]
[Black "Qin, Nicole Shu Yu"]
[Result "1/2-1/2"]
[WhiteElo "1782"]
[BlackElo "1327"]
[PlyCount "80"]
[EventDate "2017.01.14"]

1. e4 e6 2. Nf3 d5 3. exd5 exd5 4. d4 Nf6 5. Bd3 Bd6 6. O-O O-O 7. Bg5 h6 8.
Bh4 Be6 9. Nbd2 c6 10. Rc1 Nbd7 11. Re1 Qb6 12. c3 c5 13. b3 Rac8 14. Bg3 Bxg3
15. hxg3 c4 16. bxc4 dxc4 17. Bb1 Qc7 18. Qc2 Rfe8 19. Ne5 Nf8 20. Ne4 Nxe4 21.
Qxe4 Rcd8 22. Qh4 b5 23. Re3 Nd7 24. Rce1 Nf6 25. g4 Nd5 26. Rf3 f6 27. g5 fxg5
28. Qe4 Nf6 29. Qg6 Bf7 30. Qc2 Bd5 31. Rg3 Bf7 32. Ree3 a5 33. Ng4 Be6 34.
Nxf6+ gxf6 35. Qe2 Bf7 36. Qc2 Be6 37. d5 Rxd5 38. Qg6+ Kf8 39. Qxf6+ Qf7 40.
Qxh6+ Qg7 1/2-1/2

[Event "2017 Oceania Zone 3.6 Zonal Womens Cham"]
[Site "Auckland NZL"]
[Date "2017.01.15"]
[Round "3.7"]
[White "Braganza, Nadia"]
[Black "Smith, Vivian J"]
[Result "1/2-1/2"]
[WhiteElo "1489"]
[BlackElo "1741"]
[PlyCount "122"]
[EventDate "2017.01.14"]

1. e4 d6 2. d4 Nf6 3. Nc3 g6 4. Be3 Bg7 5. Qd2 c6 6. Nf3 Ng4 7. Bf4 e5 8. dxe5
Nxe5 9. Nxe5 dxe5 10. Qxd8+ Kxd8 11. O-O-O+ Kc7 12. Bg5 Be6 13. Be2 Nd7 14. Be7
Bf8 15. Bxf8 Rhxf8 16. Rd2 Rad8 17. Rhd1 Nf6 18. Rxd8 Rxd8 19. Rxd8 Kxd8 20. h3
Kc7 21. a3 b6 22. Kd2 Kd6 23. Kd3 Nd7 24. b4 b5 25. Kd2 Nb6 26. Nb1 a6 27. Nc3
Bc4 28. Nb1 Be6 29. Nc3 f5 30. exf5 gxf5 31. g4 Nd5 32. Nxd5 cxd5 33. f3 h6 34.
c3 f4 35. Kd3 Bf7 36. Kd2 e4 37. h4 Ke5 38. Ke1 Be8 39. Kd1 Bf7 40. Ke1 d4 41.
cxd4+ Kxd4 42. fxe4 Kxe4 43. Kf2 Bb3 44. Bf3+ Kd3 45. Bb7 Kc3 46. Bxa6 Ba4 47.
Kf3 Kb3 48. Kxf4 Kxa3 49. Kf5 Bc2+ 50. Kf6 Kxb4 51. Kg7 Kc5 52. Bxb5 Kxb5 53.
Kxh6 Kc6 54. g5 Kd6 55. Kg7 Ke6 56. h5 Kf5 57. Kh6 Bb3 58. g6 Kf6 59. Kh7 Bc2
60. Kh6 Bb3 61. g7 Bg8 1/2-1/2

[Event "2017 Oceania Zone 3.6 Zonal Womens Cham"]
[Site "Auckland NZL"]
[Date "2017.01.15"]
[Round "3.8"]
[White "Zhang, Jasmine Haomo"]
[Black "Lourenco, Eva"]
[Result "1-0"]
[WhiteElo "1719"]
[BlackElo "1272"]
[PlyCount "93"]
[EventDate "2017.01.14"]

1. d4 Nf6 2. c4 g6 3. Nc3 Bg7 4. e4 d6 5. f3 O-O 6. Be3 Nbd7 7. Qd2 e5 8. d5
Re8 9. Bd3 Nf8 10. g4 a6 11. Nge2 Bd7 12. h4 h5 13. gxh5 Nxh5 14. O-O-O Nh7 15.
Rdg1 Rf8 16. Bh6 Qe7 17. Ng3 Nxg3 18. Rxg3 Be8 19. Ne2 b5 20. Kb1 b4 21. Bxg7
Kxg7 22. Qxb4 Bd7 23. Qd2 Rab8 24. f4 exf4 25. Nxf4 Kh8 26. Rxg6 Rg8 27. Qc3+
Qe5 28. Rxg8+ Rxg8 29. Qxe5+ dxe5 30. Ne2 Nf6 31. Rg1 Rxg1+ 32. Nxg1 Kg7 33. c5
c6 34. d6 Nh5 35. Nf3 f6 36. Bxa6 Nf4 37. Kc2 Kg6 38. Bf1 f5 39. Nxe5+ Kh5 40.
Nxd7 fxe4 41. Nf6+ Kxh4 42. Nxe4 Ne6 43. a4 Nd8 44. a5 Kg4 45. a6 Kf4 46. a7
Kxe4 47. a8=Q 1-0

[Event "2017 Oceania Zone 3.6 Zonal Womens Cham"]
[Site "Auckland NZL"]
[Date "2017.01.15"]
[Round "3.9"]
[White "Chen, Paula"]
[Black "Lim, Cassandra"]
[Result "0-1"]
[WhiteElo "1279"]
[BlackElo "1711"]
[PlyCount "58"]
[EventDate "2017.01.14"]

1. d4 d5 2. Nf3 Nf6 3. e3 Bf5 4. Bd3 Bxd3 5. Qxd3 Nbd7 6. c4 c6 7. Nc3 e6 8.
O-O Bd6 9. cxd5 exd5 10. Re1 O-O 11. Bd2 Re8 12. e4 dxe4 13. Nxe4 Nxe4 14. Rxe4
Rxe4 15. Qxe4 Nf6 16. Qe2 Qd7 17. Re1 Re8 18. Qd1 Rxe1+ 19. Qxe1 h6 20. h3 Qf5
21. Bc3 Kh7 22. a3 Nd5 23. Bd2 Bf4 24. Bxf4 Nxf4 25. Qd1 Qg6 26. Qf1 Nxh3+ 27.
Kh1 Nf4 28. Ne1 Qh5+ 29. Kg1 Ne2+ 0-1

[Event "2017 Oceania Zone 3.6 Zonal Womens Cham"]
[Site "Auckland NZL"]
[Date "2017.01.15"]
[Round "3.10"]
[White "Parrado, Angelica"]
[Black "Ghadiali, Renae"]
[Result "1/2-1/2"]
[WhiteElo "1655"]
[BlackElo "991"]
[PlyCount "74"]
[EventDate "2017.01.14"]

1. d4 d5 2. e3 Nc6 3. c3 Nf6 4. Nd2 Bf5 5. h3 e6 6. g4 Bg6 7. h4 h6 8. f4 Be7
9. Qe2 h5 10. g5 Nd7 11. Bg2 f6 12. Ndf3 fxg5 13. fxg5 Bd6 14. Nh3 Bf5 15. Nf4
Bxf4 16. exf4 Qe7 17. Bh3 Bxh3 18. Rxh3 Nb6 19. b3 Qf7 20. Ne5 Nxe5 21. dxe5
Qf5 22. Rg3 Qe4 23. Qxe4 dxe4 24. Re3 Rd8 25. Ba3 Nd5 26. Rxe4 Nxc3 27. Rc4 Nd5
28. Rd1 Ne3 29. Rxd8+ Kxd8 30. Rd4+ Kc8 31. Rd1 Rd8 32. Rxd8+ Kxd8 33. Kf2 Nf5
34. Bc5 b6 35. Bb4 Nxh4 36. Be1 Ke8 37. Kg3 Nf5+ 1/2-1/2

[Event "2017 Oceania Zone 3.6 Zonal Womens Cham"]
[Site "Auckland NZL"]
[Date "2017.01.15"]
[Round "3.12"]
[White "Oka, Itsuki"]
[Black "Ghadiali, Saasha"]
[Result "0-1"]
[WhiteElo "403"]
[BlackElo "1035"]
[PlyCount "92"]
[EventDate "2017.01.14"]

1. e4 e5 2. Nf3 Nc6 3. d4 exd4 4. Nxd4 Nf6 5. Nc3 Bb4 6. f3 O-O 7. Bg5 h6 8.
Bh4 Re8 9. Be2 Bxc3+ 10. bxc3 d6 11. Nxc6 bxc6 12. O-O Qe7 13. c4 Qe6 14. Re1
c5 15. Bxf6 Qxf6 16. Qd5 Be6 17. Qc6 Rec8 18. Rab1 Qd4+ 19. Kh1 Bxc4 20. Bxc4
Qxc4 21. Rb7 Qxc2 22. Rxc7 Rxc7 23. Qxc7 Qd2 24. Ra1 Qb2 25. Rd1 Qxa2 26. Qxd6
c4 27. Rd2 Qb3 28. Qd4 c3 29. Rd1 c2 30. Rc1 Qb1 31. Qd2 Rc8 32. h3 a5 33. Kg1
a4 34. Qe3 Qb2 35. Qe1 a3 36. Kh2 a2 37. Kg3 a1=Q 38. Rxa1 Qxa1 39. Qxa1 c1=Q
40. Qd4 Qg5+ 41. Kh2 Qf4+ 42. Kg1 Rc1+ 43. Kf2 Rc2+ 44. Kg1 Qg3 45. Kf1 Qxg2+
46. Ke1 Qe2# 0-1

[Event "2017 Oceania Zone 3.6 Zonal Womens Cham"]
[Site "Auckland NZL"]
[Date "2017.01.16"]
[Round "4.1"]
[White "Chibnall, Alana"]
[Black "Timergazi, Layla"]
[Result "0-1"]
[WhiteElo "1842"]
[BlackElo "2069"]
[PlyCount "72"]
[EventDate "2017.01.14"]

1. e4 c6 2. Nc3 d5 3. Nf3 Bg4 4. d4 e6 5. Bd3 Bb4 6. O-O Nf6 7. exd5 cxd5 8.
Bf4 O-O 9. Nb5 Nc6 10. c3 Be7 11. h3 Bh5 12. a4 Rc8 13. g4 Bg6 14. Ne5 Bxd3 15.
Qxd3 a6 16. Na3 Nxe5 17. Bxe5 Ne4 18. f3 Nd6 19. b3 Qa5 20. Rfc1 Rc6 21. c4
dxc4 22. bxc4 Rfc8 23. c5 Qd8 24. Qe3 Ne8 25. Nc4 Rxc5 26. Qb3 R5c6 27. Kg2 Bg5
28. Rc3 Qd5 29. Qxb7 Rxc4 30. Qxc8 Rxc8 31. Rxc8 Qd7 32. Rc4 f6 33. Bg3 Qd5 34.
Rc8 Kf7 35. h4 Be3 36. Rb1 Qa2+ 0-1

[Event "2017 Oceania Zone 3.6 Zonal Womens Cham"]
[Site "Auckland NZL"]
[Date "2017.01.16"]
[Round "4.2"]
[White "Milligan, Helen"]
[Black "Qin, Joy Shu Yan"]
[Result "0-1"]
[WhiteElo "2062"]
[BlackElo "1708"]
[PlyCount "138"]
[EventDate "2017.01.14"]

1. e4 e6 2. d4 d5 3. Nc3 Bb4 4. e5 c5 5. a3 Bxc3+ 6. bxc3 Nc6 7. Qg4 g6 8. h4
Qa5 9. Bd2 Qa4 10. Ra2 c4 11. h5 Nge7 12. Nh3 Qb5 13. Qd1 Bd7 14. Be2 O-O-O 15.
a4 Qb6 16. Qc1 Rdf8 17. O-O f6 18. Bh6 Rf7 19. exf6 Rxf6 20. Bg7 Rhf8 21. Bxf8
Rxf8 22. Qh6 Qd8 23. Bg4 Nf5 24. Bxf5 Rxf5 25. hxg6 hxg6 26. Qxg6 Ne7 27. Qg7
Nc6 28. Re1 Rf8 29. Qg3 Rg8 30. Qe3 Qf6 31. Nf4 Qg5 32. g3 Nd8 33. Raa1 Qf5 34.
Re2 Rh8 35. Qf3 Qh7 36. Qg2 Qf5 37. Rae1 a6 38. a5 Kb8 39. f3 Kc8 40. Re5 Qf6
41. Rh5 Rg8 42. Kf1 Nc6 43. Qh2 Nd8 44. Rh6 Qg5 45. g4 Rf8 46. Ng2 Rxf3+ 47.
Kg1 Qxg4 48. Rh8 Rxc3 49. Rh4 Qg6 50. Rf1 Rxc2 51. Rh8 Qg5 52. Rhf8 Qg7 53. Kh1
Rd2 54. Rh8 c3 55. Qh3 Rxg2 56. Rxd8+ Kxd8 57. Qxg2 Qh8+ 58. Qh2 Qxh2+ 59. Kxh2
c2 60. Kg3 Kc7 61. Kf4 b6 62. axb6+ Kxb6 63. Ke5 Kc7 64. Rc1 Ba4 65. Kxe6 Kc6
66. Ra1 Bb3 67. Rxa6+ Kb5 68. Ra1 Kc4 69. Ke5 Kc3 0-1

[Event "2017 Oceania Zone 3.6 Zonal Womens Cham"]
[Site "Auckland NZL"]
[Date "2017.01.16"]
[Round "4.3"]
[White "Hardegen, Kathryn"]
[Black "Lane, Nancy L"]
[Result "1-0"]
[WhiteElo "1797"]
[BlackElo "1902"]
[PlyCount "81"]
[EventDate "2017.01.14"]

1. d4 d5 2. c4 c6 3. Nc3 Nf6 4. Nf3 e6 5. e3 Bd6 6. Qc2 Nbd7 7. g4 dxc4 8. e4
e5 9. g5 Nh5 10. Bxc4 b5 11. Bd3 O-O 12. dxe5 Nxe5 13. Nxe5 Bxe5 14. Ne2 Qd6
15. Be3 Be6 16. O-O-O Qc7 17. Kb1 a5 18. Rhf1 Bh3 19. f4 Bxf1 20. Rxf1 Bd6 21.
e5 Bb4 22. Bxh7+ Kh8 23. Be4 Rad8 24. g6 f6 25. Ng3 Nxf4 26. Bxf4 fxe5 27. Qe2
Rxf4 28. Qh5+ Kg8 29. Qh7+ Kf8 30. Rxf4+ exf4 31. Qh8+ Ke7 32. Qxg7+ Ke6 33.
Qxc7 Rd1+ 34. Kc2 Rd2+ 35. Kc1 fxg3 36. Qxg3 Rd4 37. g7 Rxe4 38. g8=Q+ Ke7 39.
Qc7+ Kf6 40. Qgf7+ Kg5 41. Qg3+ 1-0

[Event "2017 Oceania Zone 3.6 Zonal Womens Cham"]
[Site "Auckland NZL"]
[Date "2017.01.16"]
[Round "4.4"]
[White "Guo, Zhi Lin"]
[Black "Yao, Licia"]
[Result "1/2-1/2"]
[WhiteElo "1872"]
[BlackElo "1687"]
[PlyCount "42"]
[EventDate "2017.01.14"]

1. d4 d5 2. c4 e6 3. Nc3 Be7 4. Nf3 Nf6 5. e3 O-O 6. cxd5 exd5 7. Qc2 c6 8. Bd3
h6 9. b3 Be6 10. O-O Qc7 11. Bb2 Nbd7 12. Rac1 Rac8 13. Ne2 Bg4 14. Ng3 Bd6 15.
Nf5 Bxf5 16. Bxf5 Rce8 17. g3 Ne4 18. Ne1 Ndf6 19. Ng2 g6 20. Bxe4 Nxe4 21. Bc3
Qd7 1/2-1/2

[Event "2017 Oceania Zone 3.6 Zonal Womens Cham"]
[Site "Auckland NZL"]
[Date "2017.01.16"]
[Round "4.5"]
[White "Chew Lee, Alanna"]
[Black "Zhang, Jasmine Haomo"]
[Result "0-1"]
[WhiteElo "1597"]
[BlackElo "1719"]
[PlyCount "144"]
[EventDate "2017.01.14"]

1. e4 c5 2. Nf3 d6 3. d4 cxd4 4. Nxd4 Nf6 5. Nc3 a6 6. Be3 e6 7. f3 Be7 8. Qd2
b5 9. a3 Bb7 10. Be2 Nbd7 11. Na2 Qc7 12. Qc3 Rc8 13. Qxc7 Rxc7 14. Rc1 d5 15.
exd5 Nxd5 16. Bd2 Bf6 17. c3 O-O 18. O-O N7b6 19. Nb4 Na4 20. Nd3 Rfc8 21. Nc2
Ndb6 22. Rce1 Rd7 23. Bc1 Rcd8 24. Rd1 Bxc3 25. bxc3 Nxc3 26. Kf2 Nxd1+ 27.
Rxd1 Rc8 28. Ne3 Na4 29. Bd2 Nc3 30. Rc1 Rdc7 31. Nd1 Nxe2 32. Kxe2 Rxc1 33.
Nxc1 Bd5 34. Ne3 Bc4+ 35. Nxc4 Rxc4 36. Nd3 f6 37. Kd1 Kf7 38. Bb4 e5 39. Kd2
Rc8 40. Ba5 Rc6 41. Nb4 Rd6+ 42. Ke3 f5 43. Bc7 Re6 44. Nd3 e4 45. Ne5+ Kf6 46.
f4 Ke7 47. g4 Rh6 48. gxf5 Rxh2 49. Kxe4 Ra2 50. Ba5 h5 51. Bb4+ Ke8 52. Nf3 a5
53. Bxa5 Rxa3 54. Bd2 Kf7 55. Nd4 h4 56. Nf3 h3 57. Be3 Kg8 58. Bg1 Ra1 59. Bd4
Ra2 60. f6 gxf6 61. Bxf6 h2 62. Nxh2 Rxh2 63. Be5 Rc2 64. Kd3 Rc5 65. Kd4 Rc4+
66. Kd3 Rc6 67. f5 b4 68. f6 b3 69. Kd2 Kf7 70. Bc3 Ke6 71. Ba1 Rc2+ 72. Kd1 b2
0-1

[Event "2017 Oceania Zone 3.6 Zonal Womens Cham"]
[Site "Auckland NZL"]
[Date "2017.01.16"]
[Round "4.6"]
[White "Lim, Cassandra"]
[Black "Punsalan, Vyanla M"]
[Result "1/2-1/2"]
[WhiteElo "1711"]
[BlackElo "1782"]
[PlyCount "69"]
[EventDate "2017.01.14"]

1. d4 Nf6 2. c4 g6 3. Nc3 d6 4. e4 Bg7 5. h3 Nbd7 6. Bg5 c6 7. Nf3 Qc7 8. Bd3
O-O 9. O-O e5 10. d5 h6 11. Be3 Kh7 12. Rc1 a5 13. Qd2 Ng8 14. Bc2 Bf6 15. Nh2
Be7 16. f4 exf4 17. Bxf4 Ne5 18. b3 f5 19. Rcd1 fxe4 20. Bxe4 Bf5 21. Kh1 Rad8
22. g4 Bxe4+ 23. Nxe4 cxd5 24. Qxd5 Nf6 25. Nxf6+ Rxf6 26. c5 Rdf8 27. cxd6
Bxd6 28. Rc1 Qe7 29. Bd2 Rxf1+ 30. Nxf1 b6 31. Re1 Qc7 32. Rc1 Qe7 33. Re1 Qc7
34. Rc1 Qe7 35. Re1 1/2-1/2

[Event "2017 Oceania Zone 3.6 Zonal Womens Cham"]
[Site "Auckland NZL"]
[Date "2017.01.16"]
[Round "4.7"]
[White "Qin, Nicole Shu Yu"]
[Black "Braganza, Nadia"]
[Result "1-0"]
[WhiteElo "1327"]
[BlackElo "1489"]
[PlyCount "141"]
[EventDate "2017.01.14"]

1. d4 Nf6 2. c4 g6 3. Nc3 Bg7 4. e4 d6 5. f3 O-O 6. Be3 Nc6 7. Qd2 a6 8. Nge2
Na5 9. Ng3 b5 10. cxb5 axb5 11. Rc1 c6 12. Be2 Bd7 13. O-O Nb7 14. a3 Qa5 15.
f4 b4 16. axb4 Qxb4 17. e5 Na5 18. Qd1 Ne8 19. Rb1 d5 20. f5 Nc4 21. Bxc4 Qxc4
22. Qd2 Ra6 23. b3 Qb4 24. Nxd5 Qxd2 25. Nxe7+ Kh8 26. Bxd2 Nc7 27. f6 Re8 28.
fxg7+ Kxg7 29. Bg5 Kf8 30. Nxc6 Bxc6 31. Bf6 Bd5 32. Rf4 Ne6 33. Rh4 Kg8 34.
Nf1 Rb6 35. b4 h5 36. Ne3 Rb5 37. Nc2 Kf8 38. Kf2 Reb8 39. Rb2 Nc7 40. g4 Ke8
41. gxh5 gxh5 42. Rxh5 Kd7 43. Rh8 Rxh8 44. Bxh8 Na6 45. Bf6 Be4 46. Ke3 Bxc2
47. Rxc2 Rxb4 48. h4 Rb3+ 49. Kf4 Nb4 50. Rg2 Nd5+ 51. Kg5 Rb8 52. Kh6 Ke6 53.
Kg7 Rb4 54. Bg5 Rxd4 55. h5 Nc7 56. h6 Ne8+ 57. Kf8 Nc7 58. h7 Ra4 59. Kg7 Ra8
60. Bf4 Ke7 61. Kh6 Rh8 62. Rg8 Rxh7+ 63. Kxh7 Ne6 64. Bg3 Nf8+ 65. Rxf8 Kxf8
66. Bh4 Ke8 67. Kg7 Kd7 68. Kxf7 Kc6 69. e6 Kd5 70. e7 Kd4 71. e8=Q 1-0

[Event "2017 Oceania Zone 3.6 Zonal Womens Cham"]
[Site "Auckland NZL"]
[Date "2017.01.16"]
[Round "4.8"]
[White "Smith, Vivian J"]
[Black "Shen, Fiona"]
[Result "0-1"]
[WhiteElo "1741"]
[BlackElo "1658"]
[PlyCount "58"]
[EventDate "2017.01.14"]

1. e4 c6 2. d3 d5 3. Nd2 e5 4. Ngf3 Bd6 5. g3 Nf6 6. Bg2 O-O 7. O-O Nbd7 8. Re1
Qc7 9. Nf1 Re8 10. c3 a5 11. h3 b6 12. Nh4 Ba6 13. Be3 Rad8 14. Qc2 Nc5 15.
Bxc5 Bxc5 16. Rad1 b5 17. Ne3 Bxe3 18. Rxe3 d4 19. Ree1 c5 20. cxd4 exd4 21. b3
Nd7 22. Nf3 Nb6 23. Nd2 Rc8 24. Rc1 Red8 25. f4 Qa7 26. Kh2 c4 27. bxc4 Nxc4
28. dxc4 bxc4 29. Nf3 c3 0-1

[Event "2017 Oceania Zone 3.6 Zonal Womens Cham"]
[Site "Auckland NZL"]
[Date "2017.01.16"]
[Round "4.9"]
[White "Ghadiali, Saasha"]
[Black "Chen, Paula"]
[Result "0-1"]
[WhiteElo "1035"]
[BlackElo "1279"]
[PlyCount "132"]
[EventDate "2017.01.14"]

1. e4 e5 2. Nf3 Nc6 3. Nc3 Be7 4. Bb5 d6 5. d3 Bd7 6. O-O h6 7. h3 Nf6 8. Bd2
a6 9. Ba4 O-O 10. Re1 Re8 11. Bxc6 Bxc6 12. Qe2 Bf8 13. a3 Qd7 14. Rab1 Rad8
15. Qe3 Re7 16. Ra1 Rde8 17. Rad1 d5 18. exd5 Nxd5 19. Nxd5 Qxd5 20. Qe2 e4 21.
dxe4 Qxe4 22. Qxe4 Rxe4 23. Rxe4 Rxe4 24. Be3 Re8 25. Nd4 Rd8 26. Rd2 Be4 27.
c3 Bc5 28. Nb3 Rxd2 29. Bxd2 Bb6 30. Be3 Bxe3 31. fxe3 b6 32. g3 Kf8 33. h4 Ke7
34. Kf2 Ke6 35. Nd4+ Kd5 36. g4 c5 37. Nf5 Bxf5 38. gxf5 Ke5 39. Kf3 Kxf5 40.
e4+ Ke5 41. b3 b5 42. h5 g6 43. hxg6 fxg6 44. a4 bxa4 45. bxa4 a5 46. Ke3 c4
47. Kf3 h5 48. Ke3 g5 49. Kf3 g4+ 50. Kg3 Kxe4 51. Kg2 Kd3 52. Kg3 Kxc3 53. Kg2
h4 54. Kh2 h3 55. Kg3 Kd4 56. Kh2 c3 57. Kg3 c2 58. Kh2 c1=Q 59. Kg3 Qf1 60.
Kxg4 Qf2 61. Kxh3 Qg1 62. Kh4 Qg6 63. Kh3 Qg5 64. Kh2 Ke3 65. Kh3 Kf2 66. Kh2
Qg2# 0-1

[Event "2017 Oceania Zone 3.6 Zonal Womens Cham"]
[Site "Auckland NZL"]
[Date "2017.01.17"]
[Round "5.5"]
[White "Lane, Nancy L"]
[Black "Qin, Nicole Shu Yu"]
[Result "0-1"]
[WhiteElo "1902"]
[BlackElo "1327"]
[PlyCount "100"]
[EventDate "2017.01.14"]

1. d4 e6 2. Nf3 d5 3. e3 c6 4. Bd3 Nf6 5. O-O Bd6 6. Ne5 Nbd7 7. f4 c5 8. b3
cxd4 9. exd4 Qb6 10. Nf3 O-O 11. Kh1 Re8 12. Ne5 Ne4 13. Bb2 f6 14. Qh5 Rf8 15.
Nxd7 Bxd7 16. c4 Qc6 17. Nc3 f5 18. cxd5 exd5 19. Nxd5 Nd2 20. Rf2 Qxd5 21.
Rxd2 Qa5 22. Rf2 Rae8 23. Bc4+ Kh8 24. a3 Re1+ 25. Rxe1 Qxe1+ 26. Rf1 Qa5 27.
Qf3 Bc6 28. d5 Bb5 29. h4 Bxc4 30. bxc4 Qc7 31. Qc3 Qe7 32. Qg3 Rg8 33. h5 Qe2
34. Rf2 Qxh5+ 35. Kg1 Bc5 36. Be5 Qd1+ 37. Kh2 Bxf2 38. Qxf2 Qh5+ 39. Kg1 Qd1+
40. Qf1 Qb3 41. Bd6 Rc8 42. Qf2 Qxc4 43. Qxa7 Qxd5 44. Be5 Qd1+ 45. Kh2 Qh5+
46. Kg1 Rc1+ 47. Kf2 Qh4+ 48. Ke2 Qg4+ 49. Ke3 Qg3+ 50. Ke2 Rc2+ 0-1

[Event "2017 Oceania Zone 3.6 Zonal Womens Cham"]
[Site "Auckland NZL"]
[Date "2017.01.17"]
[Round "5.6"]
[White "Chen, Paula"]
[Black "Milligan, Helen"]
[Result "1/2-1/2"]
[WhiteElo "1279"]
[BlackElo "2062"]
[PlyCount "95"]
[EventDate "2017.01.14"]

1. d4 Nf6 2. Nf3 g6 3. c4 Bg7 4. e3 d6 5. Nc3 Nbd7 6. Bd3 c6 7. Qc2 e5 8. d5
O-O 9. O-O Nc5 10. Re1 Qe7 11. Nd2 Nh5 12. Be2 f5 13. Bxh5 gxh5 14. e4 f4 15.
Nb3 Nxb3 16. Qxb3 Kh8 17. f3 Qh4 18. Rf1 Bf6 19. Qc2 Rg8 20. Kh1 Bd7 21. Qf2
Qg5 22. Bd2 Bd8 23. Qe2 Bb6 24. Na4 Bd4 25. dxc6 bxc6 26. Rac1 Rg6 27. Rc2 Rag8
28. Be1 Bh3 29. g3 Bxf1 30. Qxf1 h4 31. g4 h5 32. h3 hxg4 33. hxg4 Rb8 34. Bf2
c5 35. b3 Rh6 36. Nc3 Bxc3 37. Rxc3 h3 38. Kh2 Kg7 39. Rc2 Qd8 40. Qe1 Rb4 41.
Qd1 Qb8 42. Qc1 Rb7 43. Be1 Rh8 44. Ba5 Qf8 45. Qe1 Qe7 46. Rb2 Kg6 47. Rc2 Qd7
48. Qd1 1/2-1/2

[Event "2017 Oceania Zone 3.6 Zonal Womens Cham"]
[Site "Auckland NZL"]
[Date "2017.01.17"]
[Round "5.7"]
[White "Punsalan, Vyanla M"]
[Black "Chew Lee, Alanna"]
[Result "1/2-1/2"]
[WhiteElo "1782"]
[BlackElo "1597"]
[PlyCount "48"]
[EventDate "2017.01.14"]

1. e4 e5 2. Nf3 Nc6 3. Bc4 Bc5 4. c3 Nf6 5. d3 h6 6. O-O d6 7. h3 O-O 8. Be3
Bb6 9. Nbd2 Na5 10. Bb3 Nxb3 11. axb3 Be6 12. Nc4 Bxc4 13. bxc4 Bxe3 14. fxe3
a6 15. Qe1 Kh8 16. Nh4 Ng8 17. Qg3 Qg5 18. Nf5 Qxg3 19. Nxg3 Ne7 20. Rf3 g6 21.
Raf1 Kg7 22. Ne2 f5 23. Ng3 fxe4 24. Nxe4 Rf5 1/2-1/2

[Event "2017 Oceania Zone 3.6 Zonal Womens Cham"]
[Site "Auckland NZL"]
[Date "2017.01.17"]
[Round "5.8"]
[White "Shen, Fiona"]
[Black "Lourenco, Eva"]
[Result "1-0"]
[WhiteElo "1658"]
[BlackElo "1272"]
[PlyCount "47"]
[EventDate "2017.01.14"]

1. d4 Nf6 2. c4 g6 3. Nc3 Bg7 4. e4 d6 5. f3 O-O 6. Be3 Nc6 7. Bd3 e5 8. d5 Nd4
9. Nge2 a6 10. Nxd4 exd4 11. Bxd4 Nxd5 12. Bxg7 Nxc3 13. Bxc3 Qg5 14. Qd2 Qxd2+
15. Kxd2 Be6 16. g4 b5 17. cxb5 axb5 18. Bxb5 Rxa2 19. Rxa2 Bxa2 20. Ra1 Be6
21. Bc6 f5 22. gxf5 gxf5 23. Rg1+ Kf7 24. Rg7# 1-0

[Event "2017 Oceania Zone 3.6 Zonal Womens Cham"]
[Site "Auckland NZL"]
[Date "2017.01.17"]
[Round "5.9"]
[White "Braganza, Nadia"]
[Black "Ghadiali, Renae"]
[Result "1-0"]
[WhiteElo "1489"]
[BlackElo "991"]
[PlyCount "45"]
[EventDate "2017.01.14"]

1. e4 e5 2. Nf3 Nc6 3. Bc4 Bc5 4. O-O Nf6 5. d3 O-O 6. c3 d6 7. h3 Be6 8. Nbd2
Bxc4 9. Nxc4 a6 10. b4 Bb6 11. Nxb6 cxb6 12. a4 a5 13. b5 Ne7 14. Bg5 h6 15.
Bxh6 gxh6 16. Nh4 Ng6 17. Nf5 Re8 18. Qh5 Ne7 19. Nxh6+ Kg7 20. Rfe1 Ng6 21.
Nf5+ Kf8 22. Qh6+ Kg8 23. Qg7# 1-0

[Event "2017 Oceania Zone 3.6 Zonal Womens Cham"]
[Site "Auckland NZL"]
[Date "2017.01.17"]
[Round "6.5"]
[White "Milligan, Helen"]
[Black "Chew Lee, Alanna"]
[Result "1/2-1/2"]
[WhiteElo "2062"]
[BlackElo "1597"]
[PlyCount "124"]
[EventDate "2017.01.14"]

1. e4 e5 2. Nf3 Nc6 3. Bb5 a6 4. Ba4 Nf6 5. d3 d6 6. c3 Be7 7. Nbd2 b5 8. Bc2
O-O 9. O-O h6 10. Re1 Re8 11. Nf1 Bf8 12. Ng3 d5 13. Qe2 Bb7 14. Nf5 dxe4 15.
dxe4 Bd6 16. N3h4 Ne7 17. Qf3 Nxf5 18. Nxf5 Bc8 19. Be3 Bxf5 20. Qxf5 Qd7 21.
Qxd7 Nxd7 22. a4 Nb6 23. axb5 axb5 24. b3 Rxa1 25. Rxa1 Ra8 26. Rxa8+ Nxa8 27.
Bd3 c6 28. Kf1 Nc7 29. g3 Ne6 30. b4 Nc7 31. Ke2 Kf8 32. f4 f6 33. Kf3 Kf7 34.
Bf1 Ne6 35. h4 g5 36. fxg5 fxg5 37. h5 Ng7 38. Kg4 Be7 39. Be2 Ke6 40. Bd1 Kf7
41. Bb3+ Kf8 42. Bb6 Bd6 43. Ba5 Ke7 44. Bg8 Kd7 45. Bb6 Bc7 46. Be3 Bd8 47.
Bf7 Bf6 48. Kf3 Ke7 49. Bg6 Kd7 50. Ke2 Be7 51. Kd3 Kc7 52. Bd2 Kb7 53. Bf7 Kc7
54. c4 Kb7 55. g4 Kc7 56. Be3 Kd7 57. Kc3 Kc7 58. Ba7 Kd7 59. Bg6 Bd6 60. Bf5+
Kc7 61. Be3 Be7 62. Bc5 Bd6 1/2-1/2

[Event "2017 Oceania Zone 3.6 Zonal Womens Cham"]
[Site "Auckland NZL"]
[Date "2017.01.17"]
[Round "6.6"]
[White "Guo, Zhi Lin"]
[Black "Chen, Paula"]
[Result "1-0"]
[WhiteElo "1872"]
[BlackElo "1279"]
[PlyCount "29"]
[EventDate "2017.01.14"]

1. d4 d5 2. e3 Nf6 3. Bd3 e6 4. Nd2 c5 5. c3 Nc6 6. f4 Bd7 7. Ngf3 cxd4 8. exd4
Be7 9. O-O O-O 10. Ne5 Rc8 11. Rf3 Re8 12. Rh3 Bf8 13. Bxh7+ Nxh7 14. Qh5 Kh8
15. Qxh7# 1-0

[Event "2017 Oceania Zone 3.6 Zonal Womens Cham"]
[Site "Auckland NZL"]
[Date "2017.01.17"]
[Round "6.7"]
[White "Smith, Vivian J"]
[Black "Punsalan, Vyanla M"]
[Result "1/2-1/2"]
[WhiteElo "1741"]
[BlackElo "1782"]
[PlyCount "59"]
[EventDate "2017.01.14"]

1. e4 c5 2. Nc3 Nc6 3. f4 e6 4. Nf3 g6 5. g3 Nge7 6. Bg2 Bg7 7. O-O Nd4 8. Nxd4
Bxd4+ 9. Kh1 h5 10. Ne2 Bg7 11. h4 Rb8 12. c3 b6 13. d3 Bb7 14. Be3 f5 15. Qc2
O-O 16. Rad1 d5 17. e5 Qd7 18. Bc1 Rfc8 19. b3 Bf8 20. c4 d4 21. Bxb7 Qxb7+ 22.
Kh2 Nc6 23. Bd2 a5 24. a4 Be7 25. Ng1 Kg7 26. Rb1 Rh8 27. Nf3 Rbd8 28. Qd1 Rb8
29. Qe2 Rhd8 30. Ra1 1/2-1/2